000 00697nam a22002770a 4500
001 PT30353
003 AR-LpoUNG
005 20210131233623.0
008 191001s1991||||ag |||||||||||||||||spa d
020 _a9504000614
_c$100
040 _aAR-LpoUNG
_bspa
_cAR-LpoUNG
_eaacr
041 _aspa
044 _aag
082 0 _a501 945tie
100 1 _aPrigogine, Ilya
245 1 0 _aEntre el tiempo y la eternidad
250 _a1§ edición
260 _aBuenos Aires :
_bAlianza,
_c1991.
300 _a241 p. :
_bil.
505 0 _aVersión española de Javier García Sanz
650 4 _aCIENCIA
650 4 _aFISICA
700 1 _aStengers, Isabelle
905 _a30353
942 _cLIB
999 _c21753
_d21753